000 02134nam0a2200385 4500
001 RU\NLR\bibl\98067
005 20260407121731.0
010 _a5-230-12819-4
_9150
021 _aRU
_b2000-13185
_9643
035 _a(NLR Aleph) 000095868
090 _a539528
_c539528
100 _a20000717d1999 |||y0rusy50 ca
101 0 _arus
102 _aRU
105 _aa |||||||||
200 1 _aСтановление рыночной экономики
_eУчеб. пособие
_f[Булатов А.Е., д.э.н., проф. , акад., Вартанова И.С., Власова Е.А. и др.]
_gМ-во образования Рос. Федерации, Моск. гос. ун-т пищ. пр-в. [Каф. "Экон. теория"]
210 _aМ.
_cМГУПП
_d1999
215 _a127 с.
_cграф.
_d20
320 _aБиблиогр. в конце гл., разделов и в подстроч. примеч.
606 0 _aРыночная экономика
_jРуководства, пособия и т.п. для высшей школы
_91709114
_3RU\NLR\auth\661059219
606 0 _aРыночная экономика
_jУчебные издания для высшей школы
_91709114
_3RU\NLR\auth\661059219
606 0 _aРыночная экономика
_jРуководства, пособия и т.п. для высшей школы
_yРоссийская Федерация
_91744697
_3RU\NLR\auth\661076880
606 0 _aРыночная экономика
_jУчебные издания для высшей школы
_yРоссийская Федерация
_91744697
_3RU\NLR\auth\661076880
686 _aУ5-17я73
686 _aУ9(2)-17(2Р)я73
701 1 _aБулатов
_bА. Е.
_4070
701 1 _aВартанова
_bИ. С.
_4070
701 1 _aВласова
_bЕ. А.
_4070
711 0 2 _aМосковский государственный университет пищевых производств
_3RU\NLR\AUTH\889956880
_9409883
801 0 _aRU
_bNLR
_c20000717
_gPSBO
801 1 _aRU
_bNLR
_c20000717
852 _aNLR
_j2000-3/6210
942 _cBOOK
980 _aNB